[Event "Tournoi Francophone 008 Groupe E"]
[Site "Skype"]
[Date "????.??.??"]
[Round "1.1"]
[White "Fromentin, Cynthia"]
[Black "Lecluyse, Koenraad"]
[Result "0-1"]
[WhiteElo "1000"]
[BlackElo "1180"]
[PlyCount "46"]

1. e4 e6 2. d4 d5 3. exd5 exd5 4. Nf3 Bg4 5. Be2 Nc6 6. Bg5 f6 7. Bh4 g5 8. Bg3
Qd7 9. O-O O-O-O 10. h3 Bxf3 11. Bxf3 Nge7 12. c3 h5 13. Nd2 f5 14. Re1 Kb8 15.
Bxh5 g4 16. hxg4 fxg4 17. Bxg4 Qe8 18. Nf3 Qg6 19. Ne5 Qh6 20. Kf1 Qh1+ 21. Ke2
Qxg2 22. a3 Qe4+ 23. Kf1 Rh1# 0-1

[Event "Tournoi Francophone 008 Groupe E"]
[Site "Skype"]
[Date "????.??.??"]
[Round "1.2"]
[White "Le Bouill, Pierre"]
[Black "Gerard, Josiane"]
[Result "1-0"]
[WhiteElo "1160"]
[BlackElo "1000"]
[PlyCount "35"]

1. Nf3 d5 2. d4 e6 3. c3 h5 4. g3 g6 5. Bg2 h4 6. Nxh4 g5 7. Nf3 g4 8. Ne5 f6
9. Nxg4 f5 10. Ne5 Nf6 11. Bg5 Nfd7 12. Bxd8 f4 13. gxf4 a6 14. e3 c6 15. Qg4
Nc5 16. dxc5 Bh6 17. Qg6+ Kf8 18. Qf7# 1-0

[Event "Tournoi Francophone 008 Groupe E"]
[Site "Skype"]
[Date "????.??.??"]
[Round "1.3"]
[White "Gerard, Philippe"]
[Black "Scata, Laura"]
[Result "0-1"]
[WhiteElo "1000"]
[BlackElo "1127"]
[PlyCount "26"]

1. b3 d5 2. Nc3 e5 3. Nxd5 Qxd5 4. Ba3 Bxa3 5. Nf3 Nc6 6. h4 Nf6 7. Rh3 Bxh3 8.
gxh3 e4 9. Nh2 O-O 10. f4 exf3 11. Nxf3 Rfe8 12. h5 Qxf3 13. b4 Qg3# 0-1

[Event "Tournoi Francophone 008 Groupe E"]
[Site "Skype"]
[Date "????.??.??"]
[Round "1.4"]
[White "Bacha, Mehdi"]
[Black "Massez, Konrad"]
[Result "1-0"]
[WhiteElo "1123"]
[BlackElo "1000"]
[PlyCount "81"]

1. d4 d5 2. e3 e6 3. Bd3 Nf6 4. f4 c5 5. c3 cxd4 6. exd4 Bd6 7. Nf3 O-O 8. O-O
Nc6 9. Ne5 Qc7 10. Nd2 a6 11. Ndf3 b5 12. a3 Rb8 13. b4 a5 14. Bd2 axb4 15.
axb4 Nd7 16. Qc2 g6 17. g3 Nxb4 18. cxb4 Qxc2 19. Bxc2 Rd8 20. Bd3 Bb7 21. Bxb5
Rbc8 22. Bxd7 Rc2 23. Rad1 Bxb4 24. Bxb4 Rb8 25. Bd6 Rd8 26. Rb1 f6 27. Rxb7
fxe5 28. Nxe5 Ra8 29. Rb8+ Rxb8 30. Bxb8 Kg7 31. Bxe6 Kf6 32. Bxd5 Kg7 33. Bd6
Kf6 34. Nd7+ Kg7 35. Be5+ Kh6 36. Be6 Kh5 37. d5 Kh6 38. d6 g5 39. Nf8 gxf4 40.
Bxf4+ Kh5 41. d7 1-0

[Event "Tournoi Francophone 008 Groupe E"]
[Site "Skype"]
[Date "????.??.??"]
[Round "1.5"]
[White "Morin, Claude"]
[Black "Mimouni, Driss"]
[Result "1-0"]
[WhiteElo "1000"]
[BlackElo "1011"]
[PlyCount "79"]

1. e4 e5 2. Nf3 d6 3. d4 Nc6 4. Bc4 h6 5. Nc3 Nf6 6. dxe5 dxe5 7. Nd5 Nxe4 8.
Bg5 Be7 9. Be3 Bg4 10. O-O Bh4 11. h3 Bh5 12. Qe2 Qd6 13. Rad1 O-O-O 14. Bd3
Bg6 15. Nxh4 h5 16. Nxg6 fxg6 17. Bxe4 Qe6 18. a3 h4 19. Bg5 Rdg8 20. Nb4 Rh5
21. Nxc6 bxc6 22. Bc1 Rgh8 23. Qd3 g5 24. Qa6+ Kb8 25. Bf3 g4 26. hxg4 Qc8 27.
Qxc8+ Kxc8 28. gxh5 Rxh5 29. Bxh5 g5 30. Bxg5 Kb7 31. Bxh4 c5 32. Rfe1 Kc6 33.
Rxe5 Kb5 34. Be8+ c6 35. Bd8 a5 36. Re6 c4 37. Bxc6+ Ka6 38. Rd4 c3 39. bxc3 a4
40. Rxa4# 1-0

[Event "Tournoi Francophone 008 Groupe E"]
[Site "Skype"]
[Date "????.??.??"]
[Round "1.6"]
[White "Canova, Felix"]
[Black "Schnell, Nicolas"]
[Result "0-1"]
[WhiteElo "1000"]
[BlackElo "1000"]
[PlyCount "58"]

1. e4 e5 2. Nf3 Nc6 3. Nc3 Bc5 4. Bc4 g5 5. g4 Nh6 6. Nd5 Nxg4 7. b4 Bxf2+ 8.
Ke2 O-O 9. Qf1 Nxb4 10. Ba3 Bc5 11. Nxb4 d6 12. Nxg5 Qxg5 13. h3 Ne3 14. dxe3
Qxe3+ 15. Kd1 Qxa3 16. Nd5 Bd4 17. Nxc7 Bxa1 18. Nxa8 Qxa2 19. Bxa2 Be6 20. Nc7
Bxa2 21. Nb5 Rd8 22. Qg2+ Kf8 23. Nxa7 d5 24. exd5 Rxd5+ 25. Ke2 Bc3 26. Qf3
Rd2+ 27. Ke1 Rxc2+ 28. Kf1 Bc4+ 29. Kg1 Bd4+ 0-1

[Event "Tournoi Francophone 008 Groupe E"]
[Site "Skype"]
[Date "????.??.??"]
[Round "2.1"]
[White "Lecluyse, Koenraad"]
[Black "Morin, Claude"]
[Result "1-0"]
[WhiteElo "1180"]
[BlackElo "1000"]
[PlyCount "25"]

1. d4 Nf6 2. Nf3 e6 3. Bg5 Be7 4. e3 d5 5. Bd3 O-O 6. O-O Nbd7 7. Bxf6 Nxf6 8.
Ne5 Bd6 9. Qf3 Qe7 10. Nd2 c5 11. c3 Nd7 12. Qh3 Nxe5 13. Qxh7# 1-0

[Event "Tournoi Francophone 008 Groupe E"]
[Site "Skype"]
[Date "????.??.??"]
[Round "2.2"]
[White "Scata, Laura"]
[Black "Le Bouill, Pierre"]
[Result "1/2-1/2"]
[WhiteElo "1127"]
[BlackElo "1160"]
[PlyCount "75"]

1. e4 c6 2. d4 d5 3. e5 e6 4. Nf3 Be7 5. Be3 f6 6. Nbd2 fxe5 7. Nxe5 Bf6 8.
Ndf3 Nd7 9. Bd3 Qc7 10. Bf4 Nxe5 11. Nxe5 Bxe5 12. Bxe5 Qf7 13. O-O Nf6 14. Qf3
Qh5 15. Qxh5+ Nxh5 16. Be2 Nf6 17. Rad1 Bd7 18. Rd3 Rf8 19. Rg3 g6 20. Rf3 Ke7
21. Rd1 Be8 22. Rdd3 g5 23. Bxf6+ Rxf6 24. Rxf6 Kxf6 25. Rf3+ Ke7 26. Re3 Bg6
27. c3 Rf8 28. Bg4 Rf6 29. Rf3 Rxf3 30. Bxf3 a5 31. Kf1 b6 32. g3 Kd6 33. h4
gxh4 34. gxh4 h6 35. Ke2 c5 36. Ke3 e5 37. Be2 exd4+ 38. cxd4 1/2-1/2

[Event "Tournoi Francophone 008 Groupe E"]
[Site "Skype"]
[Date "????.??.??"]
[Round "2.3"]
[White "Schnell, Nicolas"]
[Black "Bacha, Mehdi"]
[Result "0-1"]
[WhiteElo "1000"]
[BlackElo "1123"]
[PlyCount "40"]

1. e4 c5 2. Nc3 Nc6 3. Bc4 Ne5 4. Bd5 Nf6 5. Bb3 c4 6. Ba4 e6 7. b3 cxb3 8.
axb3 Bb4 9. Nf3 Bxc3 10. dxc3 Nxf3+ 11. Qxf3 a6 12. e5 Nd5 13. b4 b5 14. Bb3
Bb7 15. O-O Qc7 16. Bd2 Qxe5 17. Rae1 Qc7 18. Bg5 Nxc3 19. Qf5 Qc6 20. Bh4
Qxg2# 0-1

[Event "Tournoi Francophone 008 Groupe E"]
[Site "Skype"]
[Date "????.??.??"]
[Round "2.4"]
[White "Mimouni, Driss"]
[Black "Gerard, Philippe"]
[Result "1-0"]
[WhiteElo "1011"]
[BlackElo "1000"]
[PlyCount "67"]

1. d4 d5 2. Nf3 g5 3. Bxg5 b6 4. Ne5 f6 5. Bf4 Nc6 6. Nxc6 Qd7 7. Nb4 e6 8. g3
Ne7 9. e3 h5 10. Nc3 Nf5 11. Bb5 Nd6 12. Bxd7+ Bxd7 13. Na6 Bg7 14. Nxc7+ Ke7
15. Nxa8 Rxa8 16. Qd3 Nb7 17. Qa6 Nd8 18. Qa3+ Ke8 19. Nb5 Bxb5 20. Qc3 e5 21.
dxe5 fxe5 22. Bg5 Bd7 23. O-O-O Ne6 24. Rxd5 Nxg5 25. Rhd1 Ne4 26. Qc7 Bf5 27.
Qxg7 Nc5 28. Qh8+ Ke7 29. Qxa8 Ne6 30. Rxe5 Kf6 31. Qh8+ Ke7 32. Rxf5 Nc7 33.
Qh7+ Ke8 34. Qf7# 1-0

[Event "Tournoi Francophone 008 Groupe E"]
[Site "Skype"]
[Date "????.??.??"]
[Round "2.5"]
[White "Massez, Konrad"]
[Black "Canova, Felix"]
[Result "1-0"]
[WhiteElo "1000"]
[BlackElo "1000"]
[PlyCount "77"]

1. e4 e5 2. Nf3 Nf6 3. Bc4 d5 4. exd5 Bg4 5. d3 Nbd7 6. Nbd2 Bd6 7. h3 Bh5 8.
c3 O-O 9. O-O Nb6 10. Bb5 a6 11. Ba4 Nfxd5 12. b4 Nxa4 13. Qxa4 c6 14. Bb2 Nf4
15. d4 e4 16. Nxe4 Bxf3 17. g3 Nxh3+ 18. Kh2 Bxe4 19. Kxh3 Bf5+ 20. Kg2 Be4+
21. Kg1 Qg5 22. Rfe1 b5 23. Qa5 Qh5 24. Rxe4 Qf5 25. Rae1 Rfe8 26. Rxe8+ Rxe8
27. Rxe8+ Bf8 28. Qd8 Qb1+ 29. Kg2 h6 30. Rxf8+ Kh7 31. Ba3 Qe4+ 32. Kg1 Qg4
33. Rxf7 h5 34. Rf4 Qd1+ 35. Kg2 Qc1 36. Bxc1 g5 37. Qxg5 a5 38. Rf7+ Kh8 39.
Qg7# 1-0

[Event "Tournoi Francophone 008 Groupe E"]
[Site "Skype"]
[Date "????.??.??"]
[Round "2.6"]
[White "Gerard, Josiane"]
[Black "Fromentin, Cynthia"]
[Result "0-1"]
[WhiteElo "1000"]
[BlackElo "1000"]
[PlyCount "62"]

1. d4 Nf6 2. e4 Nxe4 3. f3 Nf6 4. Bg5 h6 5. Bh4 d5 6. Nc3 e6 7. Nh3 Nc6 8. Nb5
Be7 9. Bg3 Bb4+ 10. Kf2 O-O 11. Nxc7 Rb8 12. Nf4 Re8 13. Ne2 Ba5 14. Nb5 e5 15.
Nxa7 exd4 16. Nxc6 bxc6 17. Qxd4 Rb7 18. Qh4 Qb6+ 19. Nd4 Rbe7 20. Bf4 Qxd4+
21. Kg3 Be1+ 22. Rxe1 Rxe1 23. Bd6 Qxb2 24. a4 Qxc2 25. Kf4 g5+ 26. Qxg5+ hxg5+
27. Kxg5 Qg6+ 28. Kh4 R8e4+ 29. g4 Qh6+ 30. Kg3 Rxg4+ 31. Kf2 Qh4+ 0-1

[Event "Tournoi Francophone 008 Groupe E"]
[Site "Skype"]
[Date "????.??.??"]
[Round "3.1"]
[White "Bacha, Mehdi"]
[Black "Lecluyse, Koenraad"]
[Result "1-0"]
[WhiteElo "1123"]
[BlackElo "1180"]
[PlyCount "65"]

1. b3 d5 2. Bb2 Nc6 3. e3 Nf6 4. c4 e6 5. d3 Be7 6. Nf3 h6 7. Be2 O-O 8. O-O
Bc5 9. d4 Bd6 10. c5 Be7 11. Nbd2 Ne4 12. a3 Bg5 13. b4 Qf6 14. Bd3 Ne7 15.
Bxe4 dxe4 16. Nxe4 Qg6 17. Nexg5 hxg5 18. Re1 g4 19. Ne5 Qh5 20. Nxg4 Nf5 21.
Ne5 Qg5 22. Qg4 Qh4 23. e4 Qxg4 24. Nxg4 Nh4 25. e5 Bd7 26. Ne3 Bc6 27. Red1
Rad8 28. Rac1 f5 29. exf6 Rxf6 30. d5 Rg6 31. dxc6 bxc6 32. Rxd8+ Kh7 33. Ra8
1-0

[Event "Tournoi Francophone 008 Groupe E"]
[Site "Skype"]
[Date "????.??.??"]
[Round "3.2"]
[White "Le Bouill, Pierre"]
[Black "Mimouni, Driss"]
[Result "1-0"]
[WhiteElo "1160"]
[BlackElo "1011"]
[PlyCount "63"]

1. Nf3 e5 2. Nxe5 Nf6 3. d4 Qe7 4. e3 Ne4 5. Nd3 d6 6. c3 Qf6 7. Nd2 d5 8. Nxe4
dxe4 9. Ne5 Bd6 10. Bb5+ c6 11. Ba4 Bxe5 12. dxe5 Qxe5 13. Bb3 Bd7 14. Bc2 O-O
15. O-O Na6 16. f3 Nc5 17. f4 Qf5 18. b4 Ne6 19. Qxd7 Rad8 20. Qxb7 a5 21. Qxc6
Rc8 22. Qxe4 g5 23. Qxf5 Rfd8 24. Qxh7+ Kf8 25. bxa5 Ke7 26. Ba3+ Nc5 27. Qe4+
Kd7 28. Rfd1+ Kc7 29. Bxc5 Kb8 30. Rab1+ Kc7 31. Qe5+ Kc6 32. Ba4# 1-0

[Event "Tournoi Francophone 008 Groupe E"]
[Site "Skype"]
[Date "????.??.??"]
[Round "3.3"]
[White "Gagnon, Sindy"]
[Black "Scata, Laura"]
[Result "0-1"]
[WhiteElo "1000"]
[BlackElo "1127"]
[PlyCount "52"]

1. e4 c6 2. d3 d5 3. Qe2 dxe4 4. dxe4 e5 5. Bd2 Nf6 6. Nc3 Bc5 7. f3 Qb6 8.
O-O-O Bxg1 9. Na4 Qd4 10. g3 Qxa4 11. Bc3 Bd4 12. Rd3 Bxc3 13. Rxc3 O-O 14. f4
Bg4 15. Qd2 Nxe4 16. Qd3 Nxc3 17. Qxc3 e4 18. Rg1 Re8 19. h3 Bf3 20. g4 e3 21.
h4 Qxa2 22. b4 Nd7 23. Rg3 Qd5 24. g5 Qd1+ 25. Kb2 Qxf1 26. Qxe3 Rxe3 0-1

[Event "Tournoi Francophone 008 Groupe E"]
[Site "Skype"]
[Date "????.??.??"]
[Round "3.4"]
[White "Morin, Claude"]
[Black "Schnell, Nicolas"]
[Result "1-0"]
[WhiteElo "1000"]
[BlackElo "1000"]
[PlyCount "49"]

1. e4 Nc6 2. c3 e6 3. d4 Qh4 4. Qf3 Qe7 5. a3 e5 6. d5 Nb8 7. Nh3 g6 8. Bg5 f6
9. Be3 d6 10. Bb5+ Nd7 11. O-O a6 12. Ba4 b5 13. Bc2 Nc5 14. b3 Nd7 15. Nd2 Bg7
16. c4 c6 17. Rfd1 f5 18. dxc6 Ndf6 19. Bg5 h6 20. Be3 fxe4 21. Nxe4 Nh5 22.
Nxd6+ Kd8 23. Ne4+ Bd7 24. cxd7 Ngf6 25. Bb6# 1-0

[Event "Tournoi Francophone 008 Groupe E"]
[Site "Skype"]
[Date "????.??.??"]
[Round "3.5"]
[White "Canova, Felix"]
[Black "Gerard, Josiane"]
[Result "1-0"]
[WhiteElo "1000"]
[BlackElo "1000"]
[PlyCount "99"]

1. e4 d6 2. Nf3 a6 3. d3 b6 4. Nc3 Nf6 5. Bg5 Nh5 6. g3 a5 7. a4 Na6 8. d4 c6
9. Bc4 Nc5 10. dxc5 bxc5 11. O-O Bh3 12. Re1 f6 13. g4 fxg5 14. gxh5 d5 15. Be2
d4 16. Nb1 e5 17. Nxe5 Qc8 18. Na3 Bd6 19. Nac4 Rg8 20. Nxd6+ Kd8 21. Nxc8 Rxc8
22. Ba6 Ra8 23. Nf7+ Kd7 24. Bb7 Ra7 25. Ne5+ Kd6 26. Nc4+ Kd7 27. Nb6+ Kc7 28.
Na8+ Raxa8 29. Bxa8 Rxa8 30. b4 cxb4 31. c4 Ra7 32. c5 Bg4 33. Qxg4 Ra8 34.
Qf4+ Kd8 35. e5 gxf4 36. e6 Ke8 37. Re5 Kf8 38. e7+ Kg8 39. e8=Q+ Rxe8 40.
Rxe8+ Kf7 41. Rd8 Kf6 42. Rd1 f3 43. R1xd4 Ke5 44. R4d5+ Ke4 45. R5d7 Kf5 46.
Rf8+ Kg4 47. h3+ Kxh3 48. Rxg7 b3 49. Rf4 b2 50. Rg3# 1-0

[Event "Tournoi Francophone 008 Groupe E"]
[Site "Skype"]
[Date "????.??.??"]
[Round "3.6"]
[White "Gerard, Philippe"]
[Black "Massez, Konrad"]
[Result "0-1"]
[WhiteElo "1000"]
[BlackElo "1000"]
[PlyCount "74"]

1. c4 e5 2. e4 Bc5 3. Nf3 Nc6 4. b3 a6 5. Ba3 Bxa3 6. Nxa3 Qf6 7. Nc2 Nge7 8.
Ncd4 O-O 9. Ne2 d6 10. Rc1 Rd8 11. g3 a5 12. a3 Bd7 13. Rc3 Rab8 14. Nfd4 exd4
15. Nxd4 Nxd4 16. Rd3 Ne6 17. Be2 Bc6 18. b4 axb4 19. axb4 Bxe4 20. Rg1 Bxd3
21. Bxd3 d5 22. cxd5 Rxd5 23. Be2 Rbd8 24. g4 Rxd2 25. Qxd2 Rxd2 26. Kxd2 Qd4+
27. Bd3 Qxf2+ 28. Kc1 Qxg1+ 29. Kc2 Qxh2+ 30. Kb3 Qg3 31. Kc2 Qxg4 32. Kc3 h5
33. Kd2 h4 34. b5 h3 35. Ke1 h2 36. Kf1 h1=Q+ 37. Kf2 Qgf3# 0-1

[Event "Tournoi Francophone 008 Groupe E"]
[Site "Skype"]
[Date "????.??.??"]
[Round "4.1"]
[White "Le Bouill, Pierre"]
[Black "Bacha, Mehdi"]
[Result "1/2-1/2"]
[WhiteElo "1160"]
[BlackElo "1123"]
[PlyCount "51"]

1. d4 d5 2. Nf3 g6 3. e3 Bg7 4. Bd3 Bf5 5. Ne5 Bxd3 6. Qxd3 Bxe5 7. dxe5 e6 8.
Nd2 Nd7 9. Nf3 Qe7 10. Bd2 O-O-O 11. O-O-O Nh6 12. h3 Nf5 13. g4 Nh4 14. Nxh4
Qxh4 15. f4 Nc5 16. Qa3 Ne4 17. Be1 Qh6 18. Qxa7 b6 19. Qa6+ Kd7 20. Qa4+ Ke7
21. Qb4+ Ke8 22. Qa4+ Rd7 23. Qa8+ Rd8 24. Qc6+ Rd7 25. Qa8+ Rd8 26. Qc6+
1/2-1/2

[Event "Tournoi Francophone 008 Groupe E"]
[Site "Skype"]
[Date "????.??.??"]
[Round "4.2"]
[White "Scata, Laura"]
[Black "Massez, Konrad"]
[Result "1/2-1/2"]
[WhiteElo "1127"]
[BlackElo "1000"]
[PlyCount "68"]

1. d4 e5 2. c4 exd4 3. Qxd4 Nc6 4. Qd1 Nf6 5. Nc3 a6 6. Nf3 Bc5 7. h3 O-O 8. e4
d6 9. Bd3 Be6 10. O-O Re8 11. Re1 Qc8 12. Ng5 Bd7 13. Be3 h6 14. Bxc5 dxc5 15.
Nf3 Bxh3 16. Nh4 Rd8 17. e5 Ne8 18. Nd5 Qe6 19. Nf4 Qd7 20. gxh3 Nb4 21. Re3
Qd4 22. Nhg2 Qxb2 23. a3 Nxd3 24. Rxd3 Qxe5 25. Rb1 Nd6 26. Rd5 Qc3 27. Rxc5 b6
28. Qc1 Qxc1+ 29. Rxc1 bxc5 30. Nd5 c6 31. Ne7+ Kf8 32. Nxc6 Rd7 33. Ne5 Re7
34. Nc6 Re4 1/2-1/2

[Event "Tournoi Francophone 008 Groupe E"]
[Site "Skype"]
[Date "????.??.??"]
[Round "4.3"]
[White "Gerard, Josiane"]
[Black "Lecluyse, Koenraad"]
[Result "0-1"]
[WhiteElo "1000"]
[BlackElo "1180"]
[PlyCount "56"]

1. Nf3 Nc6 2. e4 e5 3. Nc3 d6 4. d3 Bg4 5. h3 Bh5 6. h4 h6 7. g4 Bg6 8. Nd4
exd4 9. Ne2 Qd7 10. Rh3 Qxg4 11. Rh1 f5 12. Ng1 Qxd1+ 13. Kxd1 fxe4 14. dxe4
Bxe4 15. Bd3 Bxh1 16. Bb5 Be7 17. Nf3 a6 18. Bc4 Bxf3+ 19. Ke1 Nf6 20. Kf1 Ng4
21. Bf4 O-O-O 22. h5 Rhf8 23. Bh2 Nxh2+ 24. Ke1 Bg2 25. Ke2 Bg5 26. a4 Rde8+
27. Kd1 Rxf2 28. b3 Bf3+ 0-1

[Event "Tournoi Francophone 008 Groupe E"]
[Site "Skype"]
[Date "????.??.??"]
[Round "4.4"]
[White "Canova, Felix"]
[Black "Morin, Claude"]
[Result "0-1"]
[WhiteElo "1000"]
[BlackElo "1000"]
[PlyCount "90"]

1. e4 e5 2. d4 Nc6 3. Nf3 d6 4. Nc3 Nf6 5. Bb5 a6 6. Ba4 Bd7 7. d5 b5 8. Bb3
Na5 9. O-O h6 10. Bd2 b4 11. Na4 Rb8 12. Be3 Nxe4 13. Qd3 Nf6 14. c3 e4 15. Qe2
exf3 16. Qxf3 bxc3 17. bxc3 Nxb3 18. axb3 Rxb3 19. Bd4 Be7 20. Rae1 O-O 21. Qg3
g6 22. Re3 Bxa4 23. Qh3 Kh7 24. Rg3 Nxd5 25. Qh4 Bxh4 26. Rh3 Be7 27. Kh1 Bb5
28. Rg1 Rb2 29. f3 c5 30. c4 cxd4 31. cxd5 Bc4 32. Rg3 Bxd5 33. Rf1 Rc2 34. h3
Bc4 35. Kg1 Bxf1 36. Kxf1 Qb8 37. Kg1 Qb1+ 38. Kh2 d3 39. h4 Bxh4 40. Rg4 Be7
41. Kh3 g5 42. Re4 Qh1+ 43. Kg4 Qxg2+ 44. Kf5 Qxf3+ 45. Rf4 gxf4 0-1

[Event "Tournoi Francophone 008 Groupe E"]
[Site "Skype"]
[Date "????.??.??"]
[Round "4.5"]
[White "Schnell, Nicolas"]
[Black "Mimouni, Driss"]
[Result "0-1"]
[WhiteElo "1000"]
[BlackElo "1011"]
[PlyCount "42"]

1. e4 e5 2. Nf3 Nc6 3. Bc4 d6 4. Ng5 Be6 5. Nxe6 fxe6 6. Qh5+ g6 7. Qh3 Nd4 8.
Na3 d5 9. Bf1 dxe4 10. Qe3 Qd5 11. b3 Bxa3 12. Bxa3 Nxc2+ 13. Kd1 Nxe3+ 14.
fxe3 O-O-O 15. d3 exd3 16. Rc1 d2 17. Rc2 Nh6 18. Bc4 Qxg2 19. Rf1 Qxh2 20. Rf7
Qh1+ 21. Ke2 Qe1+ 0-1

[Event "Tournoi Francophone 008 Groupe E"]
[Site "Skype"]
[Date "????.??.??"]
[Round "4.6"]
[White "Gerard, Philippe"]
[Black "Gagnon, Sindy"]
[Result "0-1"]
[WhiteElo "1000"]
[BlackElo "1000"]
[PlyCount "64"]

1. e4 e5 2. Na3 c6 3. c3 d5 4. exd5 cxd5 5. Nb5 Nf6 6. g3 Bd6 7. a3 O-O 8. b4
d4 9. cxd4 exd4 10. Nxd4 Qe8+ 11. Be2 Nbd7 12. Ngf3 Nb6 13. a4 Nbd5 14. O-O
Bxb4 15. Ng5 Bh3 16. Rb1 h6 17. Ngf3 Qe4 18. Rxb4 Nxb4 19. Nb5 Rfc8 20. Nc3 Qe6
21. Nd4 Qe5 22. Bg4 Nxg4 23. Nf3 Qe6 24. Nd4 Qe7 25. Nf5 Qe5 26. d3 Rxc3 27.
Nh4 Nxd3 28. Bd2 Ra3 29. Bc1 Ra2 30. Nf3 Qe4 31. Ne1 Nxe1 32. Rxe1 Qg2# 0-1

[Event "Tournoi Francophone 008 Groupe E"]
[Site "Skype"]
[Date "????.??.??"]
[Round "5.1"]
[White "Bacha, Mehdi"]
[Black "Scata, Laura"]
[Result "1/2-1/2"]
[WhiteElo "1123"]
[BlackElo "1127"]
[PlyCount "87"]

1. b3 e6 2. Bb2 d5 3. e3 Nf6 4. d3 c5 5. c4 d4 6. e4 e5 7. Nf3 Nc6 8. a3 Be7 9.
Be2 Qb6 10. Nbd2 Be6 11. O-O O-O 12. Re1 h6 13. h3 Rad8 14. Nh2 Rfe8 15. Ng4
Nxg4 16. Bxg4 Bxg4 17. hxg4 Bg5 18. Nf3 Na5 19. b4 cxb4 20. Nxg5 hxg5 21. Rb1
Nc6 22. axb4 Nxb4 23. Ba3 a5 24. Qd2 f6 25. Bxb4 axb4 26. Rxb4 Qc6 27. Reb1 Rb8
28. Rb6 Qc7 29. R1b5 Re7 30. Qa2 Qc8 31. c5+ Kh8 32. c6 Rc7 33. Qd5 bxc6 34.
Rxb8 cxd5 35. Rxc8+ Rxc8 36. Rxd5 Rc1+ 37. Kh2 Rd1 38. Rd8+ Kh7 39. f3 Rxd3 40.
Rd5 Re3 41. Kg3 Kg6 42. Kh2 Kf7 43. Rd7+ Kg6 44. Kg3 1/2-1/2

[Event "Tournoi Francophone 008 Groupe E"]
[Site "Skype"]
[Date "????.??.??"]
[Round "5.2"]
[White "Lecluyse, Koenraad"]
[Black "Le Bouill, Pierre"]
[Result "1-0"]
[WhiteElo "1180"]
[BlackElo "1160"]
[PlyCount "49"]

1. d4 Nf6 2. Nf3 h6 3. Bf4 d5 4. e3 a6 5. c3 c6 6. Nbd2 Nbd7 7. Bd3 e6 8. e4
dxe4 9. Nxe4 Nxe4 10. Bxe4 Nf6 11. Bd3 c5 12. O-O Bd6 13. Be5 cxd4 14. Bxd4 O-O
15. Bxf6 Qxf6 16. Bc2 Bd7 17. Qxd6 Bb5 18. Rfd1 Be2 19. Rd4 Rad8 20. Qe5 Bxf3
21. Qc7 Bc6 22. Rad1 Rxd4 23. Rxd4 Rd8 24. Rxd8+ Qxd8 25. Qxd8+ 1-0

[Event "Tournoi Francophone 008 Groupe E"]
[Site "Skype"]
[Date "????.??.??"]
[Round "5.3"]
[White "Massez, Konrad"]
[Black "Morin, Claude"]
[Result "1-0"]
[WhiteElo "1000"]
[BlackElo "1000"]
[PlyCount "77"]

1. e4 e5 2. d4 Nc6 3. dxe5 Bb4+ 4. Bd2 Be7 5. Nc3 Nxe5 6. Nf3 Nc6 7. Bc4 Nf6 8.
Ng5 O-O 9. Qf3 h6 10. Nh3 d5 11. Nxd5 Ne5 12. Qb3 Nxe4 13. f3 Nd6 14. O-O-O c6
15. Ne3 Ndxc4 16. Nxc4 Bf6 17. Nxe5 Bxe5 18. f4 Bc7 19. Rhf1 Qe7 20. Qg3 Re8
21. Rfe1 Be6 22. Qf3 Qf6 23. g4 Bxf4 24. Nxf4 Bxa2 25. Rxe8+ Rxe8 26. Rf1 Bc4
27. Rf2 Be2 28. Rxe2 Rxe2 29. Qxe2 Qxf4 30. Bxf4 a6 31. g5 h5 32. Qxh5 b5 33.
g6 f6 34. Qh7+ Kf8 35. Bd6+ Ke8 36. Qxg7 Kd8 37. Qf7 f5 38. g7 f4 39. g8=Q# 1-0

[Event "Tournoi Francophone 008 Groupe E"]
[Site "Skype"]
[Date "????.??.??"]
[Round "5.4"]
[White "Mimouni, Driss"]
[Black "Canova, Felix"]
[Result "0-1"]
[WhiteElo "1011"]
[BlackElo "1000"]
[PlyCount "76"]

1. e4 e5 2. d4 d5 3. Nf3 Bb4+ 4. Bd2 Nc6 5. c3 Ba5 6. Bg5 f6 7. Be3 Bg4 8. Be2
Nh6 9. h3 dxe4 10. Nfd2 O-O 11. Bxh6 Bf5 12. Nc4 b6 13. Bg4 Bxg4 14. hxg4 gxh6
15. Rxh6 Kg7 16. Qc1 exd4 17. Rh4 Kh8 18. Nxa5 bxa5 19. Qc2 Qe8 20. Qe2 f5 21.
Nd2 d3 22. Qe3 f4 23. Qd4+ Nxd4 24. cxd4 e3 25. fxe3 fxe3 26. O-O-O exd2+ 27.
Kxd2 Qe7 28. Kxd3 Qxh4 29. d5 Qg3+ 30. Kc2 Rf2+ 31. Kb1 Rd8 32. a3 c6 33. Kc1
Qf4+ 34. Kb1 Qe4+ 35. Ka2 Rxd5 36. Rc1 Rf1 37. Rxf1 Qc4+ 38. Kb1 Qxf1+ 0-1

[Event "Tournoi Francophone 008 Groupe E"]
[Site "Skype"]
[Date "????.??.??"]
[Round "5.5"]
[White "Gagnon, Sindy"]
[Black "Schnell, Nicolas"]
[Result "0-1"]
[WhiteElo "1000"]
[BlackElo "1000"]
[PlyCount "64"]

1. e4 e5 2. Nc3 Nf6 3. Bd3 d6 4. Nf3 Bd7 5. O-O Ng4 6. h3 h5 7. hxg4 Bxg4 8.
Qe1 Bxf3 9. gxf3 Qg5+ 10. Kh2 h4 11. Rg1 Qf4+ 12. Kg2 h3+ 13. Kf1 Qxf3 14. Qe2
Qf4 15. Qe3 Qf6 16. Nd5 Qh4 17. Qf3 h2 18. Rh1 Rh6 19. Bb5+ c6 20. Ba4 Rg6 21.
Nc7+ Kd7 22. Nxa8 d5 23. exd5 b5 24. Bb3 e4 25. dxc6+ Nxc6 26. Qxf7+ Ne7 27.
Qxf8 Qh3+ 28. Ke2 Qh4 29. a4 Qh5+ 30. Ke3 Nf5+ 31. Kxe4 Rg4+ 32. Kd5 Ne3# 0-1

[Event "Tournoi Francophone 008 Groupe E"]
[Site "Skype"]
[Date "????.??.??"]
[Round "5.6"]
[White "Gerard, Josiane"]
[Black "Gerard, Philippe"]
[Result "1-0"]
[WhiteElo "1000"]
[BlackElo "1000"]
[PlyCount "71"]

1. d4 e6 2. Nc3 Nh6 3. Nf3 d5 4. a4 Nc6 5. Nb5 a6 6. Nc3 b5 7. e3 bxa4 8. Rxa4
Ne7 9. b3 Bd7 10. Ra5 Nc6 11. Rc5 a5 12. Na4 Nf5 13. e4 Bxc5 14. dxc5 Nb4 15.
c3 Na2 16. Ba3 Nxc3 17. Qc1 Bxa4 18. bxa4 g6 19. Qxc3 d4 20. Qd3 Rb8 21. exf5
gxf5 22. Ng5 Rb1+ 23. Qxb1 d3 24. Qd1 Qd5 25. Bc1 Qe5+ 26. Be2 Rg8 27. Nh3 dxe2
28. Qxe2 Rg4 29. Qxe5 Rxa4 30. Nf4 Rc4 31. Bd2 a4 32. Nxe6 a3 33. Ng5+ Kf8 34.
Nxh7+ Kg8 35. Qf6 Kxh7 36. Qxf7+ 1-0

[Event "Tournoi Francophone 008 Groupe E"]
[Site "Skype"]
[Date "????.??.??"]
[Round "6.2"]
[White "Morin, Claude"]
[Black "Bacha, Mehdi"]
[Result "0-1"]
[WhiteElo "1000"]
[BlackElo "1123"]
[PlyCount "74"]

1. e4 d5 2. Nc3 dxe4 3. Nxe4 Qd4 4. Qe2 Bf5 5. Nc3 Bxc2 6. Nf3 Qd8 7. d3 Bxd3
8. Qxd3 Nc6 9. Be3 e6 10. O-O-O Bd6 11. Bg5 Nge7 12. g3 O-O 13. Qc2 Nb4 14. Qb1
c5 15. Nb5 Qa5 16. Nxd6 Nxa2+ 17. Kc2 Nb4+ 18. Kc1 Ned5 19. Nxb7 Na2+ 20. Kc2
Qa4+ 21. Kd2 Qb4+ 22. Ke2 Nac3+ 23. bxc3 Nxc3+ 24. Ke3 Nxb1 25. Rxb1 Qxb1 26.
Nd6 Qb3+ 27. Ke2 Rad8 28. Ne4 Qd3+ 29. Ke1 Qxe4+ 30. Be2 Qb1+ 31. Bd1 Rxd1+ 32.
Ke2 Rxh1 33. Ke3 Qb3+ 34. Ke4 Qd5+ 35. Ke3 Rd1 36. Kf4 Rd3 37. Ne1 Qf5# 0-1

[Event "Tournoi Francophone 008 Groupe E"]
[Site "Skype"]
[Date "????.??.??"]
[Round "6.3"]
[White "Massez, Konrad"]
[Black "Le Bouill, Pierre"]
[Result "0-1"]
[WhiteElo "1000"]
[BlackElo "1160"]
[PlyCount "46"]

1. e4 e5 2. d4 exd4 3. Qxd4 Nc6 4. Qe3 a6 5. Nc3 Bb4 6. Bd2 d6 7. O-O-O Be6 8.
Be2 Bxc3 9. Bxc3 Nf6 10. e5 Nd5 11. Qg3 g6 12. exd6 Rg8 13. dxc7 Qxc7 14. Qf3
O-O-O 15. Bf6 Nxf6 16. Qxf6 Rxd1+ 17. Bxd1 Rd8 18. Qg7 Qd7 19. Ne2 Nb4 20. Nc3
Nd5 21. Qxh7 Nxc3 22. bxc3 Qa4 23. Kb2 Qxa2+ 0-1

[Event "Tournoi Francophone 008 Groupe E"]
[Site "Skype"]
[Date "????.??.??"]
[Round "6.4"]
[White "Mimouni, Driss"]
[Black "Gerard, Josiane"]
[Result "1-0"]
[WhiteElo "1011"]
[BlackElo "1000"]
[PlyCount "21"]

1. d4 e6 2. e4 Nf6 3. Nc3 Nxe4 4. Nxe4 Bb4+ 5. Bd2 b5 6. Bxb4 c6 7. Bd3 h6 8.
Nd6+ Ke7 9. Nxc8+ Kf6 10. Qf3+ Kg5 11. Nh3+ 1-0